LEADER 01700nam a2200373 a 4500 001 000000152194 003 CaOOAMICUS 005 20160610101336.0 008 160610s2016 it u000 u ita r 020 $a978-88-9317-028-4* 032 $aLibriCat 040 $aPUL$bita 082 04$a348.45 110 1 $aItalia.$0(OLS)http://pul/name/1188 240 10$aCodice della proprietą intellettuale e industriale (2016).$0(OLS)http://pul/title/191584 245 10$aCodice della proprietą intellettuale e industriale /$cVincenzo Franceschelli, Emilio Tosi. 250 $a11. ed. 260 $aPiacenza :$bLa Tribuna,$c©2016. 300 $a1254 p. ;$c19 cm. 490 1 $aI codici commentati con la giurisprudenza 500 $aTesto su due colonne. 500 $aSulla coperta: con la depenalizzazione dei reati sul diritto d'autore (D.L.vo n. 8/2016). 650 4$aProprietą intellettuale (diritto).$0(OLS)http://pul/subject/35322 700 1 $aFranceschelli, Vincenzo.$0(OLS)http://pul/name/47665 700 1 $aTosi, Emilio.$0(OLS)http://pul/name/47659 830 2$aI codici commentati con la giurisprudenza.$0(OLS)http://pul/title/135813 850 $aPUL 852 $aPUL$W1$xDP2 Diritto e Scienze Sociali 3$y110$m348. 45 COD 3.2.48$j174949$qDDC 21$B177502$CPULBib$Z2$F177502 $H127870 $81 941 1 $a9 996 $6020$a978-88-9317-028-4*$9(OLS)http://pul/number/160520 996 $6082$a348.45$9(OLS)http://pul/classification/373 996 $6245$aCodice della proprietą intellettuale e industriale$9(OLS)http://pul/title/152274 996 $6260$aPiacenza :$bLa Tribuna$9(OLS)http://pul/publisher/69734 LEADER 01035nam a2200253 u 4500 001 000000107682 003 CaOOAMICUS 005 20071017112303.0 008 071017s1998 it u000 u ita u 020 $a88-02-05375-8 040 $aPUL$bita$dLDB 100 1 $aVillecco, Alessandra.$0(OLS)http://pul/name/66081 245 13$aIl procedimento possessorio e di nunciazione /$cAlessandra Villecco. 260 $aTorino :$bUTET,$cc1999. 300 $ax, 532 p. ;$c24 cm. 490 1 $aIl punto ;$v01 650 4$aPossesso (diritto).$0(OLS)http://pul/subject/18430 830 3$aIl punto (UTET) ;$v01.$0(OLS)http://pul/title/63947 850 $aPUL 852 $aPUL$W1$xSL Diritto e Scienze Sociali 3$y79$m300 A 16.1$j122443$qDDC 21$B121423$CPULBib$Z2$F121423 $H105163 $82 941 1 $a9 996 $6020$a88-02-05375-8$9(OLS)http://pul/number/135956 996 $6245$aIl procedimento possessorio e di nunciazione$9(OLS)http://pul/title/135587 996 $6260$aTorino :$bUTET$9(OLS)http://pul/publisher/48088